书目信息 |
| 题名: |
贾府书声
|
|
| 作者: | 张毕来 | |
| 分册: | ||
| 出版信息: | 上海 上海文艺出版社 1983 |
|
| 页数: | 207页 | |
| 开本: | 20cm | |
| 丛书名: | ||
| 单 册: | ||
| 中图分类: | I242.4 , I207.4 , I207.4 | |
| 科图分类: | ||
| 主题词: | 文学--中国 , 文学--中国 | |
| 电子资源: | ||
| ISBN: | ||
| 000 | 00570nam0 2200229 450 | |
| 001 | 1574849963 | |
| 005 | 20150128083633.28 | |
| 010 | @dCNY0.49 | |
| 092 | @b4 | |
| 100 | @a20070819d km y0chiy0120 ea | |
| 101 | 0 | @achi |
| 200 | 1 | @a贾府书声@Ajia fu shu sheng@f张毕来@Fzhang bi lai |
| 210 | @a上海@c上海文艺出版社@d1983 | |
| 215 | @a207页@d20cm | |
| 606 | 0 | @a文学@x中国 |
| 606 | 0 | @a文学@x中国 |
| 690 | @aI242.4@v3 | |
| 690 | @aI207.4@v4 | |
| 690 | @aI207.4@v4 | |
| 701 | 0 | @a张毕来@Azhang bi lai |
| 801 | 0 | @aCN@bTSSF@c20150128 |
| 905 | @aZUCC@dI207.4@eJY134 | |
| 贾府书声/张毕来.-上海:上海文艺出版社,1983 |
| 207页;20cm |
| ISBN :CNY0.49 |
| ● |
| 相关链接 |
|
|
|
|
正题名:贾府书声
索取号:I207.4/JY134
 
预约/预借
| 序号 | 登录号 | 条形码 | 馆藏地/架位号 | 状态 | 备注 |
| 1 | 7843525 | 278435258 | 学院路分馆/ [索取号:I207.4/JY134] | 在馆 | |
| 2 | 7843526 | 278435267 | 学院路分馆/ [索取号:I207.4/JY134] | 在馆 |